|
|
|
|
| LEADER |
00000nam0a2200000 4500 |
| 001 |
41968 |
| 005 |
20231031014748.0 |
| 010 |
|
|
|a 5720504508
|
| 035 |
|
|
|a (RuTPU)RU\TPU\book\43112
|
| 090 |
|
|
|a 41968
|
| 100 |
|
|
|a 20020704d2002 m a0rusy50 ca
|
| 101 |
0 |
|
|a rus
|
| 102 |
|
|
|a RU
|
| 105 |
|
|
|a y j 001zy
|
| 200 |
1 |
|
|a Конституционная экономика для вузов
|e учебное пособие
|f П. Д. Баренбойм, В. И. Лафитский, В. А. Мау
|
| 210 |
|
|
|a Москва
|c Юстицинформ
|d 2002
|
| 215 |
|
|
|a 192 с.
|
| 320 |
|
|
|a Библиогр.: с. 174-189
|
| 610 |
1 |
|
|a право
|
| 610 |
1 |
|
|a конституционное право
|
| 610 |
1 |
|
|a государство
|
| 610 |
1 |
|
|a хозяйственное право
|
| 610 |
1 |
|
|a экономика
|
| 610 |
1 |
|
|a Конституция
|
| 610 |
1 |
|
|a Российская Федерация
|
| 610 |
1 |
|
|a экономическое содержание
|
| 610 |
1 |
|
|a конституционная экономика
|
| 610 |
1 |
|
|a разделение властей
|
| 610 |
1 |
|
|a собственность
|
| 610 |
1 |
|
|a налогообложение
|
| 610 |
1 |
|
|a бюджетный процесс
|
| 610 |
1 |
|
|a денежная эмиссия
|
| 610 |
1 |
|
|a Центральный банк
|
| 610 |
1 |
|
|a федерализм
|
| 610 |
1 |
|
|a рыночные демократии
|
| 610 |
1 |
|
|a Франция
|
| 610 |
1 |
|
|a Великобритания
|
| 610 |
1 |
|
|a учебные пособия
|
| 686 |
|
|
|a Х620.12я73
|v LBC/SL-A
|2 rubbk
|
| 686 |
|
|
|a Х623я73
|v LBC/SL-A
|2 rubbk
|
| 700 |
|
1 |
|a Баренбойм
|b П. Д.
|
| 701 |
|
1 |
|a Лафитский
|b В. И.
|
| 701 |
|
1 |
|a Мау
|b В. А.
|
| 801 |
|
1 |
|a RU
|b 63413507
|c 20020704
|g PSBO
|
| 801 |
|
2 |
|a RU
|b 63413507
|c 20230314
|g PSBO
|
| 942 |
|
|
|c BK
|